000 00227nam a22000857a 4500
100 _aJessy, M.D.
245 _aIndian rubber gaveshanakendram: Maattangal ulkkondu munnott
260 _bRubber, 707(April): 14-18.
_c2025
942 _cJS
999 _c75507
_d75507